=LDR 00000nam 2200000 4500 =001 NUTBA000000000001012 =005 20140408125941.0 =006 =007 =008 =020 ##$$a 978-602-98176-4-5 =035 ##$$0010-041400000000282 =082 ##$$a 613 =090 ##$$a 613.$bEmi h =100 ##$$a Emirfan =245 ##$$a Healthy habits you must know =260 ##$$a Jogjakarta$Javaliterai$c2011. =300 ##$$a 162 Hlm$c20 cm. =650 ##$$a Kesehatan =850 ##$$a NBPNMAT =990 ##$$a 21304678 =990 ##$$a 0001/BPAP-NTB/20142015